| 000 | 01058nam0a22002891 4500 | ||
|---|---|---|---|
| 001 | RU\INFOCOMM_322\NLR\5000243365 | ||
| 005 | 20250613112629.0 | ||
| 010 |
_94040 экз. _a2-04-019706-0 |
||
| 035 | _a(NLR Aleph) 009615056 | ||
| 090 |
_a9396544 _c9396544 |
||
| 100 | _a20130318d1992 |||y0rusy50 ca | ||
| 101 | 1 | _afre | |
| 102 |
_aFR _aRU |
||
| 105 | _ay z ||||| | ||
| 200 | 1 |
_aOh, les maths! _e[200 contes, énigmes et casse-tête pour mourir de rire et tuer le temps] _fYakov Perelman _g[Trad. fr. C. Eméru, Ch. Bir] |
|
| 210 |
_aПариж _cDunod _aМосква _cМир _d1992 |
||
| 215 |
_a392 с. _cил. _d22 см |
||
| 300 | _aВ вып. дан.: Занимательная математика / Яков Исидорович Перельман | ||
| 620 | _aParis | ||
| 686 |
_aВ1я92 _2rubbk |
||
| 700 | 1 |
_9z01790 _aPerel'man _bJ. I. _f1882-1942 _gJakov Isidorovič |
|
| 790 | 1 |
_9z01700 _aPerelman _bY. _gYakov _4070 |
|
| 801 | 1 |
_aRU _bInfocomm _c20130318 |
|
| 801 | 0 |
_aRU _bINFOCOMM _gPSBO |
|
| 852 |
_aNLR _jМт01 Д-5/924 |
||
| 942 | _cBOOK | ||
| 980 | _aNB | ||